Commercial property (Record no. 109232)
[ view plain ]
| 000 -LEADER | |
|---|---|
| fixed length control field | 01612cam a22003135a 4500 |
| 001 - CONTROL NUMBER | |
| control field | L146589 |
| 008 - FIXED-LENGTH DATA ELEMENTS--GENERAL INFORMATION | |
| fixed length control field | 090205s2009 f v 000 0 eng u |
| 020 ## - INTERNATIONAL STANDARD BOOK NUMBER | |
| International Standard Book Number | 9781905391646 |
| 035 ## - SYSTEM CONTROL NUMBER | |
| System control number | (Sirsi) u146589 |
| 041 0# - LANGUAGE CODE | |
| Language code of text/sound track or separate title | eng |
| 050 04 - LIBRARY OF CONGRESS CALL NUMBER | |
| Classification number | 346.41043 $2 18 |
| 100 1# - MAIN ENTRY--PERSONAL NAME | |
| Personal name | Butt, Paul |
| 245 00 - TITLE STATEMENT | |
| Title | Commercial property |
| Remainder of title | 2009 |
| 250 ## - EDITION STATEMENT | |
| Edition statement | 16th ed. |
| 260 ## - PUBLICATION, DISTRIBUTION, ETC. | |
| Place of publication, distribution, etc. | Guildford |
| Name of publisher, distributor, etc. | College of Law |
| Date of publication, distribution, etc. | 2009 |
| 300 ## - PHYSICAL DESCRIPTION | |
| Extent | xxvi, 462p. |
| Dimensions | 30cm. |
| 505 2# - FORMATTED CONTENTS NOTE | |
| Formatted contents note | Site acquisitions -- Commercial leases -- Residential tenancies |
| 520 ## - SUMMARY, ETC. | |
| Summary, etc. | Provides a comprehensive and practical introduction to the law of all the main areas of commercial property practice. Discusses the issues that need to be dealt with when considering site acquisitions, including a detailed examination of the town and country planning requirements. Examines the principles of commercial leases, highlighting the important clauses and giving advice on the termination of a lease. Concludes with an introduction to residential landlord and tenant law detailing its potential impact on sites bought for commercial development. Includes worked examples, checklists, model forms and relevant legislation. |
| 520 ## - SUMMARY, ETC. | |
| Summary, etc. | The law is stated at 1 September 2008. |
| 521 2# - TARGET AUDIENCE NOTE | |
| Target audience note | Advanced |
| 590 ## - LOCAL NOTE (RLIN) | |
| Local note | KA |
| 650 24 - SUBJECT ADDED ENTRY--TOPICAL TERM | |
| Topical term or geographic name entry element | ENERGY PERFORMANCE CERTIFICATES |
| 650 24 - SUBJECT ADDED ENTRY--TOPICAL TERM | |
| Topical term or geographic name entry element | DISPLAY ENERGY CERTIFICATE |
| 651 #4 - SUBJECT ADDED ENTRY--GEOGRAPHIC NAME | |
| Geographic name | United Kingdom |
| Chronological subdivision | |
| 690 ## - LOCAL SUBJECT ADDED ENTRY--TOPICAL TERM (OCLC, RLIN) | |
| Topical term or geographic name as entry element | PROPERTY-COMMERCIAL PROPERTY |
| 690 ## - LOCAL SUBJECT ADDED ENTRY--TOPICAL TERM (OCLC, RLIN) | |
| Topical term or geographic name as entry element | ENVIRONMENTAL AND LAND CONSULTANCY-PLANNING AND DEVELOPMENT |
| 690 ## - LOCAL SUBJECT ADDED ENTRY--TOPICAL TERM (OCLC, RLIN) | |
| Topical term or geographic name as entry element | PROPERTY-RESIDENTIAL PROPERTY-RESIDENTIAL LANDLORD AND TENANT-RESIDENTIAL TENANCIES |
| 942 ## - ADDED ENTRY ELEMENTS (KOHA) | |
| Suppress in OPAC | 0 |
| Withdrawn status | Lost status | Source of classification or shelving scheme | Damaged status | Not for loan | Home library | Current library | Shelving location | Date acquired | Total Checkouts | Full call number | Barcode | Date last seen | Date last checked out | Copy number | Price effective from | Koha item type |
|---|---|---|---|---|---|---|---|---|---|---|---|---|---|---|---|---|
| Dewey Decimal Classification | London | London | Books | 05/02/2009 | 5 | F346.41043 BUT | 30076470 | 06/08/2019 | 21/10/2009 | 1 | 06/08/2019 | Book |